Can you name these MCU Actors? - Statistics

General Stats
  • This quiz has been taken 159 times
  • The average score is 24 of 30
Answer Stats
Hint Answer % Correct
Spider-Man Tom Holland
100%
Thor Chris Hemsworth
99%
Captain America Chris Evans
98%
Star-Lord Chris Pratt
98%
Iron Man Robert Downey Jr.
98%
Black Widow Scarlett Johansson
96%
The Hulk Mark Ruffalo
91%
Nick Fury Samuel L. Jackson
90%
Dr. Strange Benedict Cumberbatch
89%
Loki Tom Hiddleston
89%
Black Panther (RIP) Chadwick Boseman
88%
Ant-Man Paul Rudd
87%
MJ Zendaya
87%
Groot Vin Diesel
86%
Scarlet Witch Elizabeth Olsen
85%
Hawkeye Jeremy Renner
85%
Captain Marvel Brie Larson
83%
Winter Soldier Sebastian Stan
79%
Falcon Anthony Mackie
75%
Rocket Raccoon Bradley Cooper
75%
Drax Dave Bautista
75%
Gamora Zoe Saldana
75%
Vision Paul Bettany
70%
Pepper Potts Gwyneth Paltrow
67%
Thanos Josh Brolin
67%
War Machine Don Cheadle
66%
Wasp Evangeline Lilly
56%
Yelena Belova Florence Pugh
55%
Quicksilver Aaron Taylor-Johnson
52%
Shang-Chi Simu Liu
47%
No matching quizzes found
Score Distribution
Percent of People with Each Score
Percentile by Number Answered
Your Score History
You have not taken this quiz